Countries that End with U - Statistics

General Stats
  • This quiz has been taken 82 times
  • The average score is 5 of 6
Answer Stats
Continent Country % Correct
South America Peru
93%
Australia/Oceania Nauru
89%
Australia/Oceania Tuvalu
89%
Australia/Oceania Palau
86%
Australia/Oceania Vanuatu
86%
Africa Guinea-Bissau
59%
No matching quizzes found
Score Distribution
Percent of People with Each Score
Percentile by Number Answered
Your Score History
You have not taken this quiz